Online Catalogue and eLibrary

The elusive target : (Record no. 2739)

MARC details
000 -LEADER
fixed length control field 00292nam a2200097Ia 4500
008 - FIXED-LENGTH DATA ELEMENTS--GENERAL INFORMATION
fixed length control field 240331s9999 xx 000 0 und d
082 ## - DDC Classification
Item Number - Author Mark ELU
100 ## - MAIN ENTRY--PERSONAL NAME
Personal name Muqtada, M,. ed
245 #4 - TITLE STATEMENT
Title The elusive target :
Remainder of title an evaluation of target group approaches to employment creation in rural Asia
942 ## - Koha item type (Biblio)
Koha item type Books in Stacks (Lending)
Holdings
Lost status Damaged status Collection code Home library Current library Shelving location Date acquired Full call number Accession Number Item type
    Lending WERC Library WERC Library Social Science Cupboard 03/31/2024 331.95 ELU 3947 Books in Stacks (Lending)

© WERC Library